[Event "SLO-ch U20 Girls"]
[Site "Kranj"]
[Date "1999.??.??"]
[Round "?"]
[White "Mar, Karmen"]
[Black "Stumberger, Tania"]
[Result "1-0"]
[WhiteElo "2058"]
[BlackElo "2014"]
[PlyCount "43"]
[EventDate "1999.??.??"]
[EventType "tourn"]
[EventRounds "7"]
[EventCountry "SLO"]
[SourceTitle "EXT 2000"]
[Source "ChessBase"]
[SourceDate "1999.11.16"]
[SourceVersion "1"]
[SourceVersionDate "1999.11.16"]
[SourceQuality "1"]

1. e4 d6 2. d4 Nf6 3. Nc3 g6 4. Bg5 c6 5. f4 Bg7 6. Nf3 0-0 7. Bd3 Bg4 8. h3 Bxf3 9. Qxf3 Qa5 10. 0-0-0 Re8 11. Kb1 Na6 12. Be2 Nc7 13. h4 d5 14. e5 Ne4 15. h5 Nxc3+ 16. bxc3 b5 17. hxg6 hxg6 18. Qh3 f6 19. Qh7+ Kf7 20. Rh6 Ne6 21. Qxg6+ Kg8 22. Rdh1 1-0

[Event "Wch U20 Girls 16th"]
[Site "Calicut"]
[Date "1998.11.29"]
[Round "12"]
[White "Stumberger, Tania"]
[Black "Mrvova, Alena"]
[Result "0-1"]
[WhiteElo "2020"]
[BlackElo "2175"]
[PlyCount "76"]
[EventDate "1998.11.17"]
[EventType "swiss"]
[EventRounds "13"]
[EventCountry "IND"]
[SourceTitle "CBM 067 Extra"]
[Source "ChessBase"]
[SourceDate "1999.01.01"]
[SourceVersion "1"]
[SourceVersionDate "1999.01.01"]
[SourceQuality "1"]

1. d4 d5 2. c4 e6 3. Nc3 Be7 4. Nf3 Nf6 5. Bg5 0-0 6. e3 h6 7. Bh4 b6 8. cxd5 exd5 9. Bd3 Bb7 10. 0-0 Nbd7 11. Rc1 c5 12. dxc5 bxc5 13. Bb5 Nb6 14. Qe2 a6 15. Bd3 Re8 16. Rfe1 Ne4 17. Bxe7 Rxe7 18. Qd1 Rc8 19. Be2 Nd6 20. a3 Ndc4 21. Qc2 Qe8 22. Nd2 Ne5 23. Nf3 d4 24. Nxe5 Rxe5 25. Nd1 Rg5 26. Bf1 c4 27. Qd2 d3 28. Nc3 f5 29. Rb1 Qe7 30. g3 Nd7 31. f4 Rg6 32. Bg2 Nc5 33. Bxb7 Qxb7 34. Qg2 Rb6 35. Qxb7 Rxb7 36. Red1 Rcb8 37. Rd2 Rb3 38. Kf1 Rxc3 0-1

[Event "Wch U20 Girls 16th"]
[Site "Calicut"]
[Date "1998.11.26"]
[Round "9"]
[White "Sanchez Castillo, Sarai Carolina"]
[Black "Stumberger, Tania"]
[Result "1-0"]
[WhiteElo "2075"]
[BlackElo "2020"]
[PlyCount "43"]
[EventDate "1998.11.17"]
[EventType "swiss"]
[EventRounds "13"]
[EventCountry "IND"]
[SourceTitle "CBM 067 Extra"]
[Source "ChessBase"]
[SourceDate "1999.01.01"]
[SourceVersion "1"]
[SourceVersionDate "1999.01.01"]
[SourceQuality "1"]

1. e4 d6 2. d4 Nf6 3. Nc3 g6 4. Bc4 Bg7 5. Bf4 0-0 6. Nf3 c6 7. e5 Nh5 8. Qd2 Nxf4 9. Qxf4 d5 10. Bd3 a5 11. h4 Qd7 12. h5 Qg4 13. Qe3 b5 14. 0-0-0 Na6 15. Rh4 Qd7 16. Rdh1 f5 17. hxg6 hxg6 18. Qg5 f4 19. Rxf4 Qd8 20. e6 Rf6 21. Rfh4 Nc7 22. Rh8+ 1-0

[Event "Wch U20 Girls 16th"]
[Site "Calicut"]
[Date "1998.11.22"]
[Round "6"]
[White "Swati, Ghate"]
[Black "Stumberger, Tania"]
[Result "1-0"]
[WhiteElo "2190"]
[BlackElo "2020"]
[PlyCount "111"]
[EventDate "1998.11.17"]
[EventType "swiss"]
[EventRounds "13"]
[EventCountry "IND"]
[SourceTitle "CBM 067 Extra"]
[Source "ChessBase"]
[SourceDate "1999.01.01"]
[SourceVersion "1"]
[SourceVersionDate "1999.01.01"]
[SourceQuality "1"]

1. e4 d6 2. d4 Nf6 3. Nc3 g6 4. g3 Bg7 5. Bg2 0-0 6. Nge2 c6 7. a4 a5 8. 0-0 e5 9. h3 Be6 10. Be3 Bc4 11. Re1 Na6 12. Qd2 Qc7 13. Rad1 Bxe2 14. Qxe2 Rfe8 15. Qf3 Nb4 16. Re2 d5 17. exd5 Nfxd5 18. Nxd5 Nxd5 19. Red2 Nxe3 20. fxe3 exd4 21. exd4 Re7 22. c3 Rae8 23. Kh2 Re3 24. Qf2 Bh6 25. d5 cxd5 26. Bxd5 R3e5 27. Rc2 Be3 28. Qg2 R8e7 29. c4 Rg5 30. Rf1 Bc5 31. Rf3 b6 32. Qf1 Rge5 33. Rg2 Kg7 34. Rf4 h6 35. Rf6 Bd4 36. Rc6 Qd7 37. Qf6+ Kg8 38. Bxf7+ Rxf7 39. Qxg6+ Kh8 40. Rd6 Qe7 41. Rxd4 Rf6 42. Qd3 Qc5 43. Rd7 Re7 44. Rd5 Qe3 45. Qxe3 Rxe3 46. c5 Rb3 47. h4 bxc5 48. Rxc5 Rfb6 49. Rxa5 Rxb2 50. Ra7 Rxg2+ 51. Kxg2 Rb3 52. Rf7 Ra3 53. Rf4 Kg7 54. h5 Rc3 55. Kh3 Ra3 56. Kg4 1-0

[Event "Wch U20 Girls 16th"]
[Site "Calicut"]
[Date "1998.11.18"]
[Round "2"]
[White "Stumberger, Tania"]
[Black "Ramaswamy, Aarthie"]
[Result "0-1"]
[WhiteElo "2020"]
[BlackElo "2035"]
[PlyCount "83"]
[EventDate "1998.11.17"]
[EventType "swiss"]
[EventRounds "13"]
[EventCountry "IND"]
[SourceTitle "CBM 067 Extra"]
[Source "ChessBase"]
[SourceDate "1999.01.01"]
[SourceVersion "1"]
[SourceVersionDate "1999.01.01"]
[SourceQuality "1"]

1. d4 Nf6 2. c4 g6 3. Nc3 Bg7 4. e4 d6 5. f4 0-0 6. Nf3 Na6 7. e5 Nh5 8. Be2 f6 9. exd6 exd6 10. 0-0 f5 11. a3 c5 12. Nd5 Nf6 13. Nxf6+ Qxf6 14. d5 h6 15. Rb1 Bd7 16. Bd3 Qf7 17. Qc2 Rac8 18. Re1 Nc7 19. Bd2 Ne8 20. Re2 Nf6 21. Rbe1 Rfe8 22. b3 Rxe2 23. Rxe2 Re8 24. Bc1 Ne4 25. Bxe4 fxe4 26. Rxe4 Bf5 27. Rxe8+ Qxe8 28. Qd2 Qe4 29. Nh4 Bd4+ 30. Kh1 Bg4 31. h3 Bxh3 32. Nf3 Bg7 33. Kh2 Bg4 34. Ng1 Bd4 35. Nh3 Qe2 36. b4 Qxd2 37. Bxd2 Be2 38. bxc5 Bxc5 39. a4 Bxc4 40. f5 gxf5 41. Bxh6 Bxd5 42. Bd2 0-1

[Event "Wch U20 Girls 16th"]
[Site "Calicut"]
[Date "1998.11.17"]
[Round "1"]
[White "Jackova, Jana"]
[Black "Stumberger, Tania"]
[Result "1-0"]
[WhiteElo "2205"]
[BlackElo "2020"]
[PlyCount "45"]
[EventDate "1998.11.17"]
[EventType "swiss"]
[EventRounds "13"]
[EventCountry "IND"]
[SourceTitle "CBM 067 Extra"]
[Source "ChessBase"]
[SourceDate "1999.01.01"]
[SourceVersion "1"]
[SourceVersionDate "1999.01.01"]
[SourceQuality "1"]

1. e4 d6 2. d4 Nf6 3. Nc3 g6 4. Nf3 Bg7 5. Bf4 0-0 6. h3 Nc6 7. d5 e5 8. Be3 Ne7 9. Qd2 a5 10. Bd3 c6 11. dxc6 bxc6 12. Na4 Rb8 13. c4 Rb4 14. Nc3 Qc7 15. 0-0 Be6 16. a3 Rbb8 17. Rac1 Ne8 18. Bh6 Bxh6 19. Qxh6 Rxb2 20. Ng5 Nf6 21. f4 Qa7+ 22. Kh1 Rf2 23. fxe5 1-0

[Event "Bled op-B"]
[Site "Bled"]
[Date "1997.??.??"]
[Round "3"]
[White "Hribar, Bojan"]
[Black "Stumberger, Tania"]
[Result "1-0"]
[WhiteElo "2210"]
[BlackElo "2045"]
[PlyCount "53"]
[EventDate "1997.??.??"]
[EventType "swiss"]
[EventRounds "9"]
[EventCountry "SLO"]
[SourceTitle "EXT 2000"]
[Source "ChessBase"]
[SourceDate "1999.11.16"]
[SourceVersion "1"]
[SourceVersionDate "1999.11.16"]
[SourceQuality "1"]

1. e4 d6 2. d4 Nf6 3. Nc3 g6 4. f4 Bg7 5. Nf3 0-0 6. Bd3 Nc6 7. f5 e5 8. dxe5 dxe5 9. 0-0 a6 10. Bg5 Qd6 11. Qe1 h6 12. Bxf6 Bxf6 13. Qg3 Bg7 14. h4 Nd4 15. Nh2 h5 16. Rf2 Bh6 17. Raf1 Bf4 18. Rxf4 exf4 19. Qg5 Qc5 20. Kh1 c6 21. Rxf4 Bd7 22. g4 Rfd8 23. gxh5 Qf8 24. Ng4 Kh8 25. hxg6 Qg7 26. Nf6 Qf8 27. g7+ 1-0

[Event "Glasgow op"]
[Site "Glasgow"]
[Date "1997.??.??"]
[Round "?"]
[White "Shaw, John"]
[Black "Stumberger, Tania"]
[Result "1-0"]
[WhiteElo "2345"]
[BlackElo "2045"]
[PlyCount "83"]
[EventDate "1997.??.??"]
[EventType "swiss"]
[EventRounds "5"]
[EventCountry "SCO"]
[SourceTitle "EXT 2003"]
[Source "ChessBase"]
[SourceDate "2002.11.25"]
[SourceVersion "1"]
[SourceVersionDate "2002.11.25"]
[SourceQuality "1"]

1. e4 d6 2. d4 Nf6 3. Nc3 g6 4. g3 Bg7 5. Bg2 0-0 6. Nge2 e5 7. h3 c6 8. a4 a5 9. Be3 Qe7 10. 0-0 Na6 11. Qd2 Be6 12. Rad1 Bc4 13. Rfe1 Bxe2 14. Rxe2 Nc7 15. dxe5 dxe5 16. Qd6 Qxd6 17. Rxd6 Rfe8 18. Red2 Ne6 19. Kf1 Bf8 20. R6d3 Nc5 21. Bxc5 Bxc5 22. Nd1 b5 23. axb5 cxb5 24. Ne3 Bxe3 25. Rxe3 Red8 26. Ke2 Rxd2+ 27. Kxd2 Rd8+ 28. Rd3 Rxd3+ 29. Kxd3 Nd7 30. Kc3 Nc5 31. b4 Nb7 32. bxa5 Nxa5 33. Bf1 Nc6 34. Bxb5 Nd4 35. Bd3 Kf8 36. Kc4 Ke7 37. Kd5 Nf3 38. c4 Kd7 39. Be2 Nd4 40. Bg4+ f5 41. exf5 gxf5 42. Bd1 1-0

[Event "Wch U18 Girls"]
[Site "Menorca"]
[Date "1996.??.??"]
[Round "2"]
[White "Michna, Marta"]
[Black "Stumberger, Tania"]
[Result "1-0"]
[WhiteElo "2240"]
[BlackElo "2070"]
[PlyCount "79"]
[EventDate "1996.??.??"]
[EventType "swiss"]
[EventRounds "11"]
[EventCountry "ESP"]
[SourceTitle "Juniors"]
[Source "ChessBase"]
[SourceDate "1999.07.01"]
[SourceVersion "1"]
[SourceVersionDate "1999.07.01"]
[SourceQuality "1"]

1. d4 Nf6 2. c4 g6 3. Nc3 Bg7 4. Nf3 d6 5. e4 0-0 6. Be2 Bg4 7. Be3 Nc6 8. d5 Bxf3 9. Bxf3 Ne5 10. Be2 c6 11. 0-0 Qa5 12. f4 Ned7 13. a3 cxd5 14. exd5 a6 15. b4 Qc7 16. Rc1 Rfc8 17. Kh1 Qd8 18. Qb3 b6 19. Bf3 Rab8 20. Ne2 Ne8 21. Nd4 Bxd4 22. Bxd4 Ng7 23. Rfe1 Nf6 24. g4 Rb7 25. Qb2 Nfe8 26. Qf2 a5 27. h4 Nf6 28. h5 axb4 29. h6 Nge8 30. g5 Nd7 31. axb4 f5 32. Qb2 Nf8 33. Bc3 Kf7 34. Bh8 Ra8 35. Bg7 Nxg7 36. Qxg7+ Ke8 37. Re6 Ra3 38. Be2 Ra8 39. Rf6 Nd7 40. Qf7# 1-0

[Event "SLO-ch (Women)"]
[Site "Slovenia"]
[Date "1996.??.??"]
[Round "?"]
[White "Mihevc Mohr, Narcisa"]
[Black "Stumberger, Tania"]
[Result "1/2-1/2"]
[WhiteElo "2235"]
[BlackElo "2070"]
[PlyCount "137"]
[EventDate "1996.??.??"]
[EventType "swiss"]
[EventRounds "9"]
[EventCountry "SLO"]
[SourceTitle "EXT 1997"]
[Source "ChessBase"]
[SourceDate "1996.11.15"]
[SourceVersion "1"]
[SourceVersionDate "1996.11.15"]
[SourceQuality "1"]

1. e4 d6 2. d4 Nf6 3. Nc3 g6 4. g3 Bg7 5. Bg2 c6 6. a4 a5 7. Nge2 Na6 8. h3 0-0 9. 0-0 e5 10. Be3 Be6 11. g4 Bc4 12. b3 Bxe2 13. Nxe2 Qe7 14. Ng3 Nc7 15. c3 d5 16. dxe5 Nxe4 17. Nxe4 dxe4 18. Qd6 Qxe5 19. Bf4 Qxd6 20. Bxd6 Rfc8 21. Rac1 Nd5 22. c4 Nc3 23. Rc2 b5 24. axb5 cxb5 25. Rfc1 b4 26. Re1 Re8 27. Bc5 Rac8 28. Bb6 a4 29. bxa4 Nxa4 30. Ba5 b3 31. Rce2 Rxc4 32. Bxe4 b2 33. f3 Bd4+ 34. Kg2 Nc3 35. Bxc3 Bxc3 36. Rb1 Bf6 37. Ree1 Rec8 38. Bd3 Rc1 39. Kf1 Bh4 40. Rd1 Rxd1+ 41. Rxd1 Rc1 42. Ke2 Bg5 43. Rf1 Kg7 44. f4 Rxf1 45. Kxf1 Bxf4 46. Kf2 Kf6 47. Kf3 Bd2 48. Ke4 Kg5 49. Kf3 h6 50. Bc2 Kf6 51. Ke4 Ke6 52. Bb1 f5+ 53. gxf5+ gxf5+ 54. Kf3 Ke5 55. Ke2 Bg5 56. Kf3 Bc1 57. Bc2 f4 58. Bb1 Kd4 59. Ke2 Kc3 60. Bf5 Kb3 61. Bb1 h5 62. Kf3 Kc3 63. Ke2 Be3 64. Bg6 Kd4 65. Kf3 Ke5 66. Bc2 Kf6 67. Bd3 Kg5 68. Bc2 Kh4 69. Bf5 1/2-1/2

[Event "Finkenstein op"]
[Site "Finkenstein"]
[Date "1996.??.??"]
[Round "6"]
[White "Reichmann, Egon"]
[Black "Stumberger, Tania"]
[Result "1-0"]
[WhiteElo "2275"]
[BlackElo "2070"]
[PlyCount "47"]
[EventDate "1996.??.??"]
[EventType "swiss"]
[EventRounds "9"]
[EventCountry "AUT"]
[SourceTitle "EXT 1997"]
[Source "ChessBase"]
[SourceDate "1996.11.15"]
[SourceVersion "1"]
[SourceVersionDate "1996.11.15"]
[SourceQuality "1"]

1. e4 d6 2. d4 Nf6 3. Nc3 g6 4. g3 Bg7 5. Bg2 0-0 6. Nge2 e5 7. h3 c6 8. a4 a5 9. Be3 Na6 10. 0-0 Nb4 11. f4 Be6 12. b3 Qd7 13. f5 gxf5 14. d5 cxd5 15. exd5 Nfxd5 16. Nxd5 Nxd5 17. Bxd5 f4 18. gxf4 Bxh3 19. Rf2 exf4 20. Bd4 Bf5 21. Rg2 Bg6 22. Bxg7 Kxg7 23. Qd4+ f6 24. Nxf4 1-0

[Event "SLO-ch U20 Girls"]
[Site "Kranj"]
[Date "1996.??.??"]
[Round "2"]
[White "Riznar, Helena"]
[Black "Stumberger, Tania"]
[Result "0-1"]
[WhiteElo "1910"]
[BlackElo "1865"]
[PlyCount "112"]
[EventDate "1996.??.??"]
[EventType "tourn"]
[EventRounds "6"]
[EventCountry "SLO"]
[SourceTitle "EXT 1998"]
[Source "ChessBase"]
[SourceDate "1997.11.17"]
[SourceVersion "1"]
[SourceVersionDate "1997.11.17"]
[SourceQuality "1"]

1. e4 d6 2. d4 Nf6 3. Nc3 g6 4. Nf3 Bg7 5. Bf4 Bg4 6. Be2 0-0 7. Qd2 Nc6 8. d5 e5 9. Be3 Bxf3 10. gxf3 Nd4 11. 0-0-0 Nh5 12. Rdg1 c5 13. Bg5 f6 14. Bh6 Qa5 15. Bxg7 Kxg7 16. h4 b5 17. Kb1 b4 18. Nd1 Nf4 19. Bc4 Nxf3 20. Qe3 Nxg1 21. Rxg1 Qc7 22. Qg3 Qd7 23. Ne3 Kh8 24. Ng2 Nh5 25. Qe3 f5 26. f3 f4 27. Qf2 Ng3 28. Bf1 a5 29. Ne1 a4 30. Qh2 b3 31. cxb3 axb3 32. a3 Ra4 33. Nd3 Nxf1 34. Rxf1 Qb5 35. Qe2 Rfa8 36. Nxf4 Rc4 37. Nd3 Rc2 38. Qd1 Ra4 39. f4 Rd4 40. Rf3 c4 41. fxe5 Rxd3 42. Rxd3 cxd3 43. Qf1 Qe8 44. Qxd3 Qxe5 45. Qxb3 Re2 46. a4 Qxe4+ 47. Ka2 Qxh4 48. a5 Qe1 49. Qb8+ Re8 50. Qb5 Ra8 51. a6 Qe4 52. Qc6 Ra7 53. Qb5 Qe3 54. Qb8+ Kg7 55. Qxd6 Qe2 56. Qd8 Rxa6+ 0-1

[Event "SLO-ch (Women)"]
[Site "Slovenia"]
[Date "1996.??.??"]
[Round "?"]
[White "Stumberger, Tania"]
[Black "Maric, Katarina"]
[Result "1/2-1/2"]
[WhiteElo "2070"]
[BlackElo "2010"]
[PlyCount "71"]
[EventDate "1996.??.??"]
[EventType "swiss"]
[EventRounds "9"]
[EventCountry "SLO"]
[SourceTitle "EXT 1997"]
[Source "ChessBase"]
[SourceDate "1996.11.15"]
[SourceVersion "1"]
[SourceVersionDate "1996.11.15"]
[SourceQuality "1"]

1. d4 Nf6 2. c4 e6 3. Nf3 Bb4+ 4. Bd2 Qe7 5. g3 d5 6. Bg2 0-0 7. 0-0 a5 8. a3 Bxd2 9. Nbxd2 Nc6 10. Qc2 Rd8 11. e3 Bd7 12. Rac1 Be8 13. h3 Qd6 14. Rfd1 Rab8 15. e4 dxe4 16. Nxe4 Nxe4 17. Qxe4 Ne7 18. Ng5 Ng6 19. Qe3 Qb6 20. Rd2 Bc6 21. c5 Qa6 22. Bf1 Bb5 23. Bg2 Bc6 24. Bf1 Bb5 25. Bxb5 Qxb5 26. Qf3 Rf8 27. Re1 h6 28. Ne4 Qc6 29. Qd3 Rfd8 30. Qc2 Ne7 31. Nc3 Nd5 32. Nxd5 Rxd5 33. Re5 Rbd8 34. Rxd5 Rxd5 35. Qc3 Qa6 36. Kg2 1/2-1/2

[Event "Ljubljana op 7th"]
[Site "Ljubljana"]
[Date "1996.??.??"]
[Round "3"]
[White "Stumberger, Tania"]
[Black "Sale, Srdjan"]
[Result "0-1"]
[WhiteElo "2070"]
[BlackElo "2440"]
[PlyCount "69"]
[EventDate "1996.06.??"]
[EventType "swiss"]
[EventRounds "9"]
[EventCountry "SLO"]
[SourceTitle "CBM 053 Extra"]
[Source "ChessBase"]
[SourceDate "1996.09.01"]
[SourceVersion "1"]
[SourceVersionDate "1996.09.01"]
[SourceQuality "1"]

1. d4 Nf6 2. c4 g6 3. Nc3 Bg7 4. e4 d6 5. f4 0-0 6. Be2 c5 7. d5 e6 8. Nf3 exd5 9. exd5 Re8 10. 0-0 Na6 11. a3 Nc7 12. Rb1 Nh5 13. Bd3 Bxc3 14. bxc3 f5 15. Re1 Rxe1+ 16. Qxe1 b6 17. Bd2 Ba6 18. Qf1 Qd7 19. Bc2 Nxd5 20. Ng5 h6 21. Qd3 Ndf6 22. Nf3 Re8 23. Nh4 Kf7 24. Qh3 Re2 25. Rd1 Qe6 26. Nxf5 gxf5 27. Bxf5 Qe7 28. Bg4 Rxd2 29. Bxh5+ Kf8 30. Qh4 Rxd1+ 31. Bxd1 Qe3+ 32. Kh1 Kg7 33. f5 Bxc4 34. h3 Qxc3 35. Qf2 0-1

[Event "SLO-ch U20 Girls"]
[Site "Kranj"]
[Date "1996.??.??"]
[Round "6"]
[White "Stumberger, Tania"]
[Black "Stevanec, Lea"]
[Result "1/2-1/2"]
[WhiteElo "1865"]
[BlackElo "2040"]
[PlyCount "77"]
[EventDate "1996.??.??"]
[EventType "tourn"]
[EventRounds "6"]
[EventCountry "SLO"]
[SourceTitle "EXT 1998"]
[Source "ChessBase"]
[SourceDate "1997.11.17"]
[SourceVersion "1"]
[SourceVersionDate "1997.11.17"]
[SourceQuality "1"]

1. d4 Nf6 2. c4 g6 3. Nc3 d5 4. Nf3 Bg7 5. cxd5 Nxd5 6. Bd2 0-0 7. Rc1 Nc6 8. e3 a6 9. Nxd5 Qxd5 10. Bc4 Qd6 11. 0-0 Bg4 12. h3 Bxf3 13. Qxf3 e6 14. a3 Rfe8 15. Rfd1 Qe7 16. Qe2 Red8 17. Bc3 e5 18. d5 Na7 19. Bb4 Qf6 20. e4 Nc8 21. Ba2 a5 22. Bd2 Qe7 23. Rc2 Nd6 24. Rdc1 Rd7 25. Rc5 b6 26. Rc6 Bf8 27. Bc4 Ra7 28. g3 Qd8 29. Bd3 Nc8 30. Bb5 Rd6 31. Qg4 Rxc6 32. Bxc6 Nd6 33. Qe2 Bg7 34. Bc3 Qg5 35. Bd2 Qe7 36. h4 h6 37. h5 g5 38. Qg4 Kh8 39. b4 1/2-1/2